The Calendar of St. Willibrord : (Record no. 603517)

MARC details
000 -LEADER
fixed length control field 00457nam a2200181 a 4500
008 - FIXED-LENGTH DATA ELEMENTS--GENERAL INFORMATION
fixed length control field 251221s2009##################000#0#eng##
020 ## - INTERNATIONAL STANDARD BOOK NUMBER
ISBN 9781870252553
082 04 - DEWEY DECIMAL CLASSIFICATION NUMBER
Classification number 264.021
Item number WIL
100 1# - MAIN ENTRY--AUTHOR NAME
Personal name Wilson, William,
245 10 - TITLE STATEMENT
Title The Calendar of St. Willibrord :
260 ## - PUBLICATION, DISTRIBUTION, ETC. (IMPRINT)
Year of publication 2009.
650 #0 - SUBJECT ADDED ENTRY--TOPICAL TERM
Topical Term Religion.
942 ## - ADDED ENTRY ELEMENTS (KOHA)
Koha item type English Books
Holdings
Withdrawn status Lost status Damaged status Not for loan Home library Current library Shelving location Date acquired Full call number Accession Number Price effective from Koha item type
        Anna Centenary Library Anna Centenary Library 3RD FLOOR, B WING 22.12.2025 264.021 WIL 345161 22.12.2025 English Books

Find us on the map